| 000 | 00355nam a2200145 4500 | ||
|---|---|---|---|
| 003 | OSt | ||
| 005 | 20230916114918.0 | ||
| 008 | 230916b |||||||| |||| 00| 0 eng d | ||
| 020 | _a9789355854506 | ||
| 040 | _cCOMPLIMENTARY | ||
| 082 |
_2I _a540 _b540/KHA |
||
| 245 | _aBASIC SCIENCE CHEMISTRY | ||
| 260 |
_aPUNE _bTECHNICAL PUBL _c2023 |
||
| 942 |
_2ddc _n0 _cBK |
||
| 999 |
_c35964 _d35964 |
||